In remembrance of a king : Frederick II of Prussia, 1712-1786 /

Bibliographic Details
Main Author: Knopp, Werner
Other Authors: Crampton, Patricia
Format: Book
Language:English
Published: Bonn : Inter Nationes, 1986.
Subjects:

MARC

Tag First Indicator Second Indicator Subfields
LEADER 00000cam a2200000 a 4500
001 in00000434621
005 20151012072821.0
008 870105s1986 gw a 00010beng d
035 |a (OCoLC)15032301 
035 |9 ABW9672AM 
040 |a DLM  |c DLM  |d CSB  |d OCL  |d TXA  |d UtOrBLW 
041 1 |a eng  |h ger 
049 |a TXAM  
090 |a DD404  |b .K566 1986 
100 1 |a Knopp, Werner. 
245 1 0 |a In remembrance of a king :  |b Frederick II of Prussia, 1712-1786 /  |c by Werner Knopp; [translation by Patricia Crampton]. 
264 1 |a Bonn :  |b Inter Nationes,  |c 1986. 
300 |a 62 pages :  |b illustrations ;  |c 21 cm. 
336 |a text  |b txt  |2 rdacontent 
337 |a unmediated  |b n  |2 rdamedia 
338 |a volume  |b nc  |2 rdacarrier 
500 |a Spine title: Frederick II of Prussia. 
600 0 0 |a Frederick  |b II,  |c King of Prussia,  |d 1712-1786. 
651 0 |a Prussia (Germany)  |x History  |y Frederick II, 1740-1786. 
700 1 |a Crampton, Patricia. 
740 0 |a Frederick II of Prussia. 
999 |a MARS 
999 f f |s 2e4fb4a8-5cd6-3e8d-b2c9-fe8231e1c880  |i 97ea5241-3e45-33c6-9f57-07a1952268c1  |t 0 
952 f f |p ric  |a Texas A&M University  |b Rellis Campus  |c Joint Library Facility  |d Remote Storage  |t 0  |e DD404 .K566 1986  |h Library of Congress classification  |i unmediated -- volume  |m A14809894738 
998 f f |a DD404 .K566 1986  |t 0  |l Remote Storage